书目信息 |
| 题名: |
物理化学学习指导
|
|
| 作者: | 袁永明 , 万家义 , 胡常伟 编著 | |
| 分册: | ||
| 出版信息: | 北京 中国石化出版社 2008.01 |
|
| 页数: | 599页 | |
| 开本: | 21cm | |
| 丛书名: | 基础化学学习指导丛书 | |
| 单 册: | ||
| 中图分类: | O64 | |
| 科图分类: | ||
| 主题词: | 物理化学--wu li hua xue--高等学校--教材 | |
| 电子资源: | ||
| ISBN: | 978-7-80229-355-7 | |
| 000 | 01090nam 2200277 450 | |
| 001 | 012008903525 | |
| 005 | 20080419163915.84 | |
| 010 | @a978-7-80229-355-7@dCNY36.00 | |
| 100 | @a20080419d2008 em y0chiy0120 ea | |
| 101 | 0 | @achi |
| 102 | @aCN@b110000 | |
| 105 | @aak z 000yy | |
| 106 | @ar | |
| 200 | 1 | @a物理化学学习指导@Awu li hua xue xue xi zhi dao@f袁永明, 万家义, 胡常伟编著@Fyuan yong ming,wan jia yi,hu chang wei bian zhu |
| 210 | @a北京@c中国石化出版社@d2008.01 | |
| 215 | @a599页@c图@d21cm | |
| 225 | 2 | @a基础化学学习指导丛书@Aji chu hua xue xue xi zhi dao cong shu |
| 330 | @a本书共十章,内容包括热力学第一定律、热力学第二定律、统一热力学基础、多组分体系热力学、相平衡、化学平衡、化学动力学基础、电化学、界面现象及界面反应动力学、胶体分散体系及基本特征。 | |
| 410 | 0 | @12001 @a基础化学学习指导丛书 |
| 606 | 0 | @a物理化学@Awu li hua xue@x高等学校@j教材 |
| 690 | @aO64@v4 | |
| 701 | 0 | @a袁永明@Ayuan yong ming@4编著 |
| 701 | 0 | @a万家义@Awan jia yi@4编著 |
| 701 | 0 | @a胡常伟@Ahu chang wei@4编著 |
| 801 | 0 | @aCN@bQSSK@c20080419 |
| 905 | @b294948-50@dO64@eY924@f3 | |
| 物理化学学习指导/袁永明, 万家义, 胡常伟编著.-北京:中国石化出版社,2008.01 |
| 599页:图;21cm.-(基础化学学习指导丛书) |
| ISBN 978-7-80229-355-7:CNY36.00 |
| 本书共十章,内容包括热力学第一定律、热力学第二定律、统一热力学基础、多组分体系热力学、相平衡、化学平衡、化学动力学基础、电化学、界面现象及界面反应动力学、胶体分散体系及基本特征。 |
| ● |
| 相关链接 |
|
|
|
正题名:物理化学学习指导
索取号:O64/Y924
 
预约/预借
| 序号 | 登录号 | 条形码 | 馆藏地/架位号 | 状态 | 备注 |
| 1 | 294948 | 202949480 | 自科库401/401自科库 64排1列3层/ [索取号:O64/Y924] | 在馆 | |
| 2 | 294949 | 202949499 | 自科库401/401自科库 64排1列3层/ [索取号:O64/Y924] | 在馆 | |
| 3 | 294950 | 202949505 | 自科库401/401自科库 64排1列3层/ [索取号:O64/Y924] | 在馆 |